000 01010nam a2200193 4500
005 20260423161806.0
008 260220b |||||||| |||| 00| 0 eng d
020 _a9781032347394
037 _cTextual
040 _aRTL
_cRTL
084 _qRTL
_aU:(G:55):(S) R5
100 _aRossmo, Kim
_91116342
245 _aGeographic profiling
250 _a2nd
260 _aNew York
_bNew York
_c2025
300 _axxvii, 509 p.
_bIncludes bibliographical reference and index
520 _aGeographic Profiling explores this cutting-edge investigative methodology for determining the most probable area of an offender's residence by analyzing the locations of a series of connected crimes. Geoprofiling allows police detectives and law enforcement officers to prioritize suspects, focus their investigations, and manage information overload. This extensive and exhaustive work explains the underlying theories and operational principles of the methodology.
942 _2CC
_n0
_cTEXL
_hU:(G:55):(S) R5
999 _c1680005
_d1680005